000 01159nam a22003617a 4500
001 251
003 FISKH
005 20230310130034.0
008 230310b cb ||||| |||| 00| 0 eng d
020 _a9780064442466
040 _aDLC
_cDLC
_dDLC
_dFISKH
_beng
042 _alcac
050 0 0 _aPZ8.3.K1266
_bFat 1996
082 0 0 _a813.64
_220
100 1 _aKarlin, Nurit.
245 1 4 _aThe fat cat sat on the mat /
_cwritten and illustrated by Nurit Karlin.
250 _aFirst Scholastic Printing
260 _aNew York
_bScholastic
_c1997
300 _a32 p. :
_bcol. ill. ;
_c22 cm.
440 3 _aAn I can read book
505 _aD
520 _aRat tries to get the fat cat off the mat and back to his usual resting place in the vat.
521 8 _a220
_bLexile
521 8 _aD
_bRaz-Plus
650 1 _aCats
_xFiction.
650 1 _aRats
_xFiction.
650 1 _aWitches
_xFiction.
650 1 _aBrooms and brushes
_xFiction.
650 1 _aStories in rhyme.
906 _a7
_bcbc
_corignew
_d1
_eocip
_f19
_gy-gencatlg
942 _2ddc
_cBK
_n0
999 _c251
_d251